| 000 | 003190000a22001090004500 | ||
|---|---|---|---|
| 090 |
_aAS _bSeriadas |
||
| 245 | 1 | 0 | _aDos nuevas especies de Colostethus (<Amphibia, Dendrobatidae>) de Colombia |
| 041 | 0 | _aEspaƱol | |
| 100 | 1 |
_aRivero, Juan A. _999383 |
|
| 942 | _cARTICULO | ||
| 773 | 1 |
_tCaldasia _345 _h71-75 _q525-531 _d1986 _g15 |
|
| 999 |
_c14840 _d14840 |
||